| 000 | 00701nam a2200241 i 4500 | ||
|---|---|---|---|
| 001 | 33619 | ||
| 003 | ES-MaACL | ||
| 005 | 20250829112148.0 | ||
| 007 | t| | ||
| 008 | 030202s1973 sp ||||1| spa d | ||
| 080 | _a165 | ||
| 100 | 1 |
_aBlanché, Robert. _9141148 |
|
| 245 | 1 | 3 |
_aLa epistemología / _cpor Robert Blanché ; [traducción de A. Giralt Pont]. |
| 250 | _a1ª ed. | ||
| 260 |
_aVilassar de Mar, Barcelona : _bOikos-Tau, _c[1973] |
||
| 300 |
_a120 p. ; _c18 cm. |
||
| 490 | 1 | _a¿Qué sé? | |
| 650 | 4 |
_aEpistemología. _912338 |
|
| 700 | 1 |
_aGiralt Pont, A. _957206 |
|
| 830 | 0 |
_a¿Qué sé? _9181382 |
|
| 852 |
_aES-MaACL _jC-53529 _bR.85196 |
||
| 999 |
_c33619 _d33619 |
||